000 01220cam a2200181 4500
001 ##WS135460
008 061027n 000 0 eng u
035 _a(Sirsi) u135460
041 0 _aeng
110 2 _aResidential Property Tribunal Service
_95034
245 0 0 _aResidential Property Tribunal Service
_h[electronic resource]
520 _aThe Residential Property Tribunal Service is the umbrella organisation for the five English regional offices called Rent Assessment Panels (RAPs). RAPs provide an independent, fair and accessible tribunal service in England (Scotland and Wales have separate RAPs) for settling disputes involving private rented and leasehold property through: Rent Assessment Committees which determine disputes about fair and market rents; Leasehold Valuation Tribunals which determine disputes involving leasehold property and Residential Property Tribunals which determine certain appeals against denial of the Right to Buy.
590 _aIKA311006
651 4 _aEngland
_y886-
690 _aPROPERTY-RESIDENTIAL PROPERTY-RESIDENTIAL PROPERTY TENURE-LEASEHOLD RESIDENTIAL PROPERTY
856 4 0 _uhttps://www.rpts.gov.uk
_zView the website free of charge at www.rpts.gov.uk...
942 _n0
999 _c120527
_d120527